[Event "Redbull chessmasters 2019"]
[Site "Istambul"]
[Date "2019.11.24"]
[Round "5.7"]
[White "Ozsakallioglu, Okan"]
[Black "Gunduz, Umut Erdem"]
[Result "1-0"]
[WhiteElo "2072"]
[BlackElo "2172"]
[Annotator "NA"]
[PlyCount "59"]
[EventDate "2019.11.23"]
[EventType "k.o."]
[EventCountry "TUR"]
[SourceTitle "playchess.com"]
[Source "ChessBase"]
[SourceQuality "1"]
[TimeControl "600+5"]

1. e4 {[%emt 0:00:19]} c6 {[%emt 0:00:00]} 2. d4 {[%emt 0:00:00]} g6 {[%emt 0:00:09]} 3. Nc3 {[%emt 0:00:04]} Bg7 {[%emt 0:00:05]} 4. Nf3 {[%emt 0:00:00]} d5 {[%emt 0:00:26]} 5. h3 {[%emt 0:00:04]} Nh6 {[%emt 0:00:00]} 6. Bd3 {[%emt 0:00:03]} f6 {[%emt 0:00:12]} 7. O-O {[%emt 0:00:05]} O-O {[%emt 0:00:05]} 8. Ne2 {[%emt 0:00:03]} Nf7 {[%emt 0:00:07]} 9. exd5 {[%emt 0:00:05]} cxd5 {[%emt 0:00:05]} 10. c4 {[%emt 0:00:05]} dxc4 {[%emt 0:00:11]} 11. Bxc4 {[%emt 0:00:00]} Kh8 {[%emt 0:00:01]} 12. Nf4 {[%emt 0:00:40]} Nd6 {[%emt 0:00:32]} 13. Ne6 {[%emt 0:00:05]} Bxe6 {[%emt 0:00:00]} 14. Bxe6 {[%emt 0:00:06]} Nc6 {[%emt 0:00:05]} 15. d5 {[%emt 0:00:17]} Ne5 {[%emt 0:00:02]} 16. Nxe5 {[%emt 0:00:12]} fxe5 {[%emt 0:00:05]} 17. Bd2 {[%emt 0:00:05]} Qb6 {[%emt 0:00:08]} 18. Qb3 {[%emt 0:00:14]} Qa6 {[%emt 0:00:53]} 19. Rfe1 {[%emt 0:00:15]} Nf5 {[%emt 0:01:11]} 20. Bxf5 {[%emt 0:00:36]} Rxf5 {[%emt 0:00:07]} 21. Rac1 {[%emt 0:00:17]} Raf8 {[%emt 0:01:26]} 22. Be3 {[%emt 0:00:06]} e4 {[%emt 0:00:23]} 23. Rc7 {[%emt 0:00:15]} Qa5 {[%emt 0:00:05]} 24. Rec1 {[%emt 0:00:06]} b6 {[%emt 0:01:34]} 25. Rd1 {[%emt 0:00:26]} R5f7 {[%emt 0:00:16]} 26. d6 {[%emt 0:00:05]} Qe5 {[%emt 0:01:38]} 27. Qxf7 {[%emt 0:00:41]} Rxf7 {[%emt 0:00:40]} 28. Rc8+ {[%emt 0:00:01]} Rf8 {[%emt 0:00:55]} 29. Rxf8+ {[%emt 0:00:08]} Bxf8 {[%emt 0:00:05]} 30. d7 {[%emt 0:00:00]} 1-0

[Event "Redbull chessmasters 2019"]
[Site "Istambul"]
[Date "2019.11.24"]
[Round "5.8"]
[White "Kalayci, Nino"]
[Black "Duru, Ipek"]
[Result "0-1"]
[WhiteElo "1852"]
[BlackElo "1566"]
[Annotator "NA"]
[PlyCount "40"]
[EventDate "2019.11.23"]
[EventType "k.o."]
[EventCountry "TUR"]
[SourceTitle "playchess.com"]
[Source "ChessBase"]
[SourceQuality "1"]
[TimeControl "600+5"]

1. b3 {[%emt 0:00:00]} e5 {[%emt 0:00:00]} 2. e3 {[%emt 0:00:05]} Nc6 {[%emt 0:00:05]} 3. Bb2 {[%emt 0:00:05]} d6 {[%emt 0:00:00]} 4. d4 {[%emt 0:00:00]} Bf5 {[%emt 0:00:00]} 5. Bb5 {[%emt 0:00:42]} exd4 {[%emt 0:00:31]} 6. exd4 {[%emt 0:00:01]} d5 {[%emt 0:00:10]} 7. Nf3 {[%emt 0:01:03]} Bd6 {[%emt 0:00:57]} 8. O-O {[%emt 0:00:02]} Nge7 {[%emt 0:00:09]} 9. Ne5 {[%emt 0:00:22]} O-O {[%emt 0:00:18]} 10. Nd2 {[%emt 0:00:51]} Nb4 {[%emt 0:01:00]} 11. c3 {[%emt 0:00:52]} a6 {[%emt 0:00:45]} 12. Be2 {[%emt 0:00:37]} Bxe5 {[%emt 0:00:20]} 13. cxb4 {[%emt 0:00:56]} Bd6 {[%emt 0:00:14]} 14. a3 {[%emt 0:00:24]} Ng6 {[%emt 0:00:01]} 15. Bg4 {[%emt 0:02:06]} Qh4 {[%emt 0:00:20]} 16. Bh3 {[%emt 0:00:48]} Bxh3 {[%emt 0:00:05]} 17. gxh3 {[%emt 0:00:00]} Qxh3 {[%emt 0:00:14]} 18. f4 {[%emt 0:01:29]} Bxf4 {[%emt 0:00:26]} 19. Nf3 {[%emt 0:00:19]} Nh4 {[%emt 0:00:44]} 20. Rf2 {[%emt 0:00:26]} Be3 {[%emt 0:00:31]} 0-1

[Event "Redbull chessmasters 2019"]
[Site "Istambul"]
[Date "2019.11.24"]
[Round "5.9"]
[White "Ererdem, Gani Eren"]
[Black "Kilic, Ihsan"]
[Result "1-0"]
[WhiteElo "2105"]
[BlackElo "1941"]
[Annotator "NA"]
[PlyCount "51"]
[EventDate "2019.11.23"]
[EventType "k.o."]
[EventCountry "TUR"]
[SourceTitle "playchess.com"]
[Source "ChessBase"]
[SourceQuality "1"]
[TimeControl "600+5"]

1. d4 {[%emt 0:00:00]} d5 {[%emt 0:00:00]} 2. c4 {[%emt 0:00:01]} e6 {[%emt 0:00:00]} 3. Nf3 {[%emt 0:00:01]} Nf6 {[%emt 0:00:09]} 4. g3 {[%emt 0:00:01]} Be7 {[%emt 0:00:10]} 5. Bg2 {[%emt 0:00:05]} O-O {[%emt 0:00:05]} 6. O-O {[%emt 0:00:00]} Nbd7 {[%emt 0:00:14]} 7. Nc3 {[%emt 0:00:44]} a6 {[%emt 0:01:27]} 8. cxd5 {[%emt 0:01:20]} exd5 {[%emt 0:00:05]} 9. Qb3 {[%emt 0:00:00]} c6 {[%emt 0:00:22]} 10. a4 {[%emt 0:00:00]} Bd6 {[%emt 0:00:34]} 11. Nd2 {[%emt 0:03:57]} Re8 {[%emt 0:00:51]} 12. e4 {[%emt 0:00:04]} dxe4 {[%emt 0:00:08]} 13. Ndxe4 {[%emt 0:00:06]} Bc7 {[%emt 0:00:19]} 14. Ng5 {[%emt 0:01:12]} Re7 {[%emt 0:01:21]} 15. Bd2 {[%emt 0:00:27]} Nb6 {[%emt 0:00:32]} 16. Rad1 {[%emt 0:01:09]} h6 {[%emt 0:00:10]} 17. Nge4 {[%emt 0:00:14]} Nxe4 {[%emt 0:00:11]} 18. Bxe4 {[%emt 0:00:04]} Be6 {[%emt 0:00:14]} 19. Qc2 {[%emt 0:00:01]} Nd5 {[%emt 0:00:28]} 20. Rfe1 {[%emt 0:00:27]} Qd7 {[%emt 0:00:30]} 21. Qc1 {[%emt 0:00:25]} Nf6 {[%emt 0:00:30]} 22. Bxh6 {[%emt 0:00:09]} Nxe4 {[%emt 0:00:36]} 23. Nxe4 {[%emt 0:00:38]} f5 {[%emt 0:00:51]} 24. Nc5 {[%emt 0:00:17]} Qc8 {[%emt 0:01:11]} 25. Qg5 {[%emt 0:00:11]} Kf8 {[%emt 0:00:30]} 26. Nxe6+ {[%emt 0:00:25]} 1-0

[Event "Redbull chessmasters 2019"]
[Site "Istambul"]
[Date "2019.11.24"]
[Round "5.10"]
[White "Cil, Batuhan"]
[Black "Olcum, Ahmet"]
[Result "0-1"]
[WhiteElo "1737"]
[BlackElo "2303"]
[Annotator "NA"]
[PlyCount "57"]
[EventDate "2019.11.23"]
[EventType "k.o."]
[EventCountry "TUR"]
[SourceTitle "playchess.com"]
[Source "ChessBase"]
[SourceQuality "1"]
[TimeControl "600+5"]

1. e4 {[%emt 0:00:00]} d6 {[%emt 0:00:00]} 2. d4 {[%emt 0:00:00]} Nf6 {[%emt 0:00:04]} 3. Nc3 {[%emt 0:00:01]} e5 {[%emt 0:00:02]} 4. Nf3 {[%emt 0:00:10]} Nbd7 {[%emt 0:00:02]} 5. Bc4 {[%emt 0:00:12]} Be7 {[%emt 0:00:05]} 6. O-O {[%emt 0:00:05]} c6 {[%emt 0:00:01]} 7. a4 {[%emt 0:00:24]} h6 {[%emt 0:00:04]} 8. h3 {[%emt 0:00:07]} Qc7 {[%emt 0:00:04]} 9. Be3 {[%emt 0:00:16]} Nf8 {[%emt 0:00:06]} 10. d5 {[%emt 0:00:39]} g5 {[%emt 0:00:16]} 11. Nh2 {[%emt 0:01:02]} Ng6 {[%emt 0:00:09]} 12. b4 {[%emt 0:00:24]} Nf4 {[%emt 0:00:57]} 13. b5 {[%emt 0:00:28]} c5 {[%emt 0:00:09]} 14. a5 {[%emt 0:01:12]} Qd8 {[%emt 0:00:18]} 15. Re1 {[%emt 0:02:07]} Rg8 {[%emt 0:00:36]} 16. Kh1 {[%emt 0:01:36]} h5 {[%emt 0:00:35]} 17. Ra3 {[%emt 0:00:23]} Kf8 {[%emt 0:00:34]} 18. Be2 {[%emt 0:00:19]} g4 {[%emt 0:00:54]} 19. Bxf4 {[%emt 0:00:58]} exf4 {[%emt 0:00:08]} 20. hxg4 {[%emt 0:00:19]} Nxg4 {[%emt 0:00:11]} 21. Bxg4 {[%emt 0:00:30]} hxg4 {[%emt 0:00:09]} 22. e5 {[%emt 0:00:23]} dxe5 {[%emt 0:00:16]} 23. Ne4 {[%emt 0:00:10]} Bd6 {[%emt 0:00:44]} 24. c4 {[%emt 0:00:09]} Rh8 {[%emt 0:00:18]} 25. Kg1 {[%emt 0:00:02]} Qh4 {[%emt 0:01:14]} 26. Nxd6 {[%emt 0:00:05]} Qxh2+ {[%emt 0:00:05]} 27. Kf1 {[%emt 0:00:00]} f3 {[%emt 0:00:14]} 28. gxf3 {[%emt 0:00:15]} g3 {[%emt 0:00:00]} 29. fxg3 {[%emt 0:00:09]} 0-1

[Event "Redbull chessmasters 2019"]
[Site "Istambul"]
[Date "2019.11.24"]
[Round "5.11"]
[White "Isik, Esref"]
[Black "Tofan, Ismail"]
[Result "1/2-1/2"]
[WhiteElo "1920"]
[BlackElo "1685"]
[Annotator "NA"]
[PlyCount "132"]
[EventDate "2019.11.23"]
[EventType "k.o."]
[EventCountry "TUR"]
[SourceTitle "playchess.com"]
[Source "ChessBase"]
[SourceQuality "1"]
[TimeControl "600+5"]

1. e4 {[%emt 0:00:00]} d6 {[%emt 0:00:00]} 2. d4 {[%emt 0:00:05]} Nf6 {[%emt 0:00:00]} 3. Nc3 {[%emt 0:00:00]} Nbd7 {[%emt 0:00:00]} 4. Be3 {[%emt 0:00:09]} e5 {[%emt 0:00:00]} 5. d5 {[%emt 0:00:10]} c6 {[%emt 0:00:07]} 6. dxc6 {[%emt 0:00:05]} bxc6 {[%emt 0:00:00]} 7. h3 {[%emt 0:01:04]} Qa5 {[%emt 0:00:06]} 8. Qd2 {[%emt 0:00:34]} d5 {[%emt 0:00:17]} 9. exd5 {[%emt 0:00:14]} cxd5 {[%emt 0:00:03]} 10. Nb5 {[%emt 0:00:49]} Qxd2+ {[%emt 0:00:25]} 11. Bxd2 {[%emt 0:00:01]} Rb8 {[%emt 0:00:03]} 12. O-O-O {[%emt 0:00:48]} Ne4 {[%emt 0:00:18]} 13. Nc7+ {[%emt 0:00:44]} Kd8 {[%emt 0:00:36]} 14. Ba5 {[%emt 0:00:01]} Rb6 {[%emt 0:01:08]} 15. Nxd5 {[%emt 0:01:11]} Bc5 {[%emt 0:01:12]} 16. Bxb6+ {[%emt 0:01:19]} axb6 {[%emt 0:00:04]} 17. Bb5 {[%emt 0:00:19]} Nxf2 {[%emt 0:00:43]} 18. Nf3 {[%emt 0:00:05]} Nxh1 {[%emt 0:00:12]} 19. Rxh1 {[%emt 0:00:10]} Bb7 {[%emt 0:01:54]} 20. Rd1 {[%emt 0:00:18]} Kc8 {[%emt 0:00:55]} 21. Bxd7+ {[%emt 0:00:39]} Kxd7 {[%emt 0:00:02]} 22. Nxb6+ {[%emt 0:00:27]} Kc6 {[%emt 0:00:09]} 23. Nd7 {[%emt 0:00:17]} Be3+ {[%emt 0:00:26]} 24. Kb1 {[%emt 0:00:03]} e4 {[%emt 0:00:11]} 25. Nfe5+ {[%emt 0:00:24]} Kc7 {[%emt 0:00:05]} 26. Nxf7 {[%emt 0:00:07]} Ra8 {[%emt 0:00:41]} 27. Nde5 {[%emt 0:00:15]} Bf2 {[%emt 0:00:18]} 28. Rd7+ {[%emt 0:00:44]} Kb6 {[%emt 0:00:03]} 29. Nc4+ {[%emt 0:00:08]} Ka6 {[%emt 0:00:26]} 30. Re7 {[%emt 0:00:55]} Bd5 {[%emt 0:00:38]} 31. Nd2 {[%emt 0:00:16]} e3 {[%emt 0:00:12]} 32. Nf3 {[%emt 0:00:03]} Bxf3 {[%emt 0:01:03]} 33. gxf3 {[%emt 0:00:02]} Rf8 {[%emt 0:00:05]} 34. Kc1 {[%emt 0:00:12]} Rxf7 {[%emt 0:00:05]} 35. Rxf7 {[%emt 0:00:05]} e2 {[%emt 0:00:00]} 36. Re7 {[%emt 0:00:12]} e1=Q+ {[%emt 0:00:05]} 37. Rxe1 {[%emt 0:00:05]} Bxe1 {[%emt 0:00:05]} 38. Kd1 {[%emt 0:00:05]} Ba5 {[%emt 0:00:05]} 39. Ke2 {[%emt 0:00:05]} Kb5 {[%emt 0:00:05]} 40. Kd3 {[%emt 0:00:05]} g5 {[%emt 0:00:05]} 41. Ke4 {[%emt 0:00:05]} Bd2 {[%emt 0:00:05]} 42. Kd3 {[%emt 0:00:05]} Bf4 {[%emt 0:00:05]} 43. a3 {[%emt 0:00:05]} h5 {[%emt 0:00:05]} 44. b3 {[%emt 0:00:05]} Bc1 {[%emt 0:00:05]} 45. c4+ {[%emt 0:00:05]} Kb6 {[%emt 0:00:05]} 46. a4 {[%emt 0:00:02]} Ba3 {[%emt 0:00:00]} 47. Ke4 {[%emt 0:00:05]} Kc5 {[%emt 0:00:00]} 48. f4 {[%emt 0:00:05]} gxf4 {[%emt 0:00:20]} 49. Kxf4 {[%emt 0:00:05]} Bc1+ {[%emt 0:00:05]} 50. Kg3 {[%emt 0:00:05]} Bg5 {[%emt 0:00:06]} 51. a5 {[%emt 0:00:07]} Bd8 {[%emt 0:00:05]} 52. a6 {[%emt 0:00:05]} Kb6 {[%emt 0:00:05]} 53. b4 {[%emt 0:00:05]} Kxa6 {[%emt 0:00:05]} 54. Kf4 {[%emt 0:00:05]} Be7 {[%emt 0:00:05]} 55. b5+ {[%emt 0:00:05]} Kb6 {[%emt 0:00:05]} 56. Ke5 {[%emt 0:00:05]} Kc5 {[%emt 0:00:05]} 57. Ke6 {[%emt 0:00:05]} Bd8 {[%emt 0:00:05]} 58. Kd7 {[%emt 0:00:05]} Bg5 {[%emt 0:00:05]} 59. Ke6 {[%emt 0:00:05]} Kxc4 {[%emt 0:00:05]} 60. b6 {[%emt 0:00:05]} Kb5 {[%emt 0:00:05]} 61. Kf5 {[%emt 0:00:05]} Bd8 {[%emt 0:00:05]} 62. b7 {[%emt 0:00:05]} Bc7 {[%emt 0:00:05]} 63. Kg5 {[%emt 0:00:05]} Kb6 {[%emt 0:00:05]} 64. Kxh5 {[%emt 0:00:05]} Bb8 {[%emt 0:00:05]} 65. Kg6 {[%emt 0:00:05]} Kc6 {[%emt 0:00:05]} 66. h4 {[%emt 0:00:05]} Kd7 {[%emt 0:00:00]} 1/2-1/2

[Event "Redbull chessmasters 2019"]
[Site "Istambul"]
[Date "2019.11.24"]
[Round "5.12"]
[White "Ozdemir, Cemre"]
[Black "Gur, Tuba"]
[Result "0-1"]
[WhiteElo "1326"]
[BlackElo "1782"]
[Annotator "NA"]
[PlyCount "76"]
[EventDate "2019.11.23"]
[EventType "k.o."]
[EventCountry "TUR"]
[SourceTitle "playchess.com"]
[Source "ChessBase"]
[SourceQuality "1"]
[TimeControl "600+5"]

1. e4 {[%emt 0:00:00]} c5 {[%emt 0:00:00]} 2. Nf3 {[%emt 0:00:00]} e6 {[%emt 0:00:06]} 3. d4 {[%emt 0:00:04]} cxd4 {[%emt 0:00:05]} 4. Nxd4 {[%emt 0:00:05]} a6 {[%emt 0:00:00]} 5. Be2 {[%emt 0:00:00]} Qc7 {[%emt 0:00:00]} 6. O-O {[%emt 0:00:01]} Nf6 {[%emt 0:00:02]} 7. Nc3 {[%emt 0:00:05]} b5 {[%emt 0:00:01]} 8. a3 {[%emt 0:00:01]} Bb7 {[%emt 0:00:00]} 9. f3 {[%emt 0:00:42]} Bc5 {[%emt 0:00:03]} 10. Be3 {[%emt 0:00:11]} Qb6 {[%emt 0:00:05]} 11. Qd2 {[%emt 0:00:25]} e5 {[%emt 0:00:54]} 12. Nf5 {[%emt 0:00:05]} O-O {[%emt 0:01:03]} 13. Kh1 {[%emt 0:00:26]} Nc6 {[%emt 0:00:48]} 14. Bg5 {[%emt 0:00:23]} Nd4 {[%emt 0:00:09]} 15. Nxd4 {[%emt 0:00:57]} Bxd4 {[%emt 0:00:39]} 16. Bxf6 {[%emt 0:01:09]} Qxf6 {[%emt 0:00:03]} 17. Nd5 {[%emt 0:00:04]} Bxd5 {[%emt 0:00:13]} 18. exd5 {[%emt 0:00:05]} Bxb2 {[%emt 0:00:07]} 19. Ra2 {[%emt 0:00:07]} Bd4 {[%emt 0:00:02]} 20. c3 {[%emt 0:00:09]} Bc5 {[%emt 0:00:02]} 21. Rd1 {[%emt 0:00:22]} d6 {[%emt 0:00:13]} 22. a4 {[%emt 0:00:14]} bxa4 {[%emt 0:01:35]} 23. Rxa4 {[%emt 0:00:02]} a5 {[%emt 0:00:12]} 24. Rb1 {[%emt 0:00:43]} Rfb8 {[%emt 0:00:25]} 25. Qc2 {[%emt 0:00:39]} Qg6 {[%emt 0:00:25]} 26. Bd3 {[%emt 0:00:29]} Qh6 {[%emt 0:00:06]} 27. Rxa5 {[%emt 0:00:37]} Qe3 {[%emt 0:01:05]} 28. Rxa8 {[%emt 0:01:59]} Rxa8 {[%emt 0:00:02]} 29. Bxh7+ {[%emt 0:00:08]} Kh8 {[%emt 0:00:01]} 30. Be4 {[%emt 0:00:16]} g6 {[%emt 0:00:24]} 31. Qd3 {[%emt 0:00:58]} Qg5 {[%emt 0:00:27]} 32. Qb5 {[%emt 0:00:16]} Ra2 {[%emt 0:00:18]} 33. Qf1 {[%emt 0:00:49]} Rf2 {[%emt 0:00:05]} 34. Qg1 {[%emt 0:00:05]} Qh4 {[%emt 0:00:05]} 35. Rc1 {[%emt 0:00:05]} Be3 {[%emt 0:00:05]} 36. Rb1 {[%emt 0:00:05]} Bf4 {[%emt 0:00:05]} 37. Qf1 {[%emt 0:00:05]} Re2 {[%emt 0:00:05]} 38. Qg1 {[%emt 0:00:05]} Be3 {[%emt 0:00:05]} 0-1

[Event "Redbull chessmasters 2019"]
[Site "Istambul"]
[Date "2019.11.24"]
[Round "5.13"]
[White "Tasdogen, Dincer"]
[Black "Ozenir, Ekin Baris"]
[Result "1/2-1/2"]
[WhiteElo "2301"]
[BlackElo "2274"]
[Annotator "NA"]
[PlyCount "160"]
[EventDate "2019.11.23"]
[EventType "k.o."]
[EventCountry "TUR"]
[SourceTitle "playchess.com"]
[Source "ChessBase"]
[SourceQuality "1"]
[TimeControl "600+5"]

1. e4 {[%emt 0:00:00]} e6 {[%emt 0:00:00]} 2. c4 {[%emt 0:00:10]} d5 {[%emt 0:00:02]} 3. cxd5 {[%emt 0:00:05]} exd5 {[%emt 0:00:05]} 4. exd5 {[%emt 0:00:05]} Nf6 {[%emt 0:00:05]} 5. Bc4 {[%emt 0:00:05]} Be7 {[%emt 0:00:05]} 6. Nc3 {[%emt 0:00:05]} O-O {[%emt 0:00:05]} 7. Nge2 {[%emt 0:00:05]} Nbd7 {[%emt 0:00:01]} 8. d3 {[%emt 0:00:29]} Nb6 {[%emt 0:00:05]} 9. Qb3 {[%emt 0:00:00]} Bg4 {[%emt 0:00:29]} 10. Ng3 {[%emt 0:00:18]} a5 {[%emt 0:00:22]} 11. a4 {[%emt 0:00:05]} Bb4 {[%emt 0:00:05]} 12. O-O {[%emt 0:00:05]} Bxc3 {[%emt 0:00:04]} 13. bxc3 {[%emt 0:00:19]} Nfxd5 {[%emt 0:00:03]} 14. Bxd5 {[%emt 0:00:42]} Qxd5 {[%emt 0:00:08]} 15. c4 {[%emt 0:00:14]} Qc6 {[%emt 0:00:19]} 16. Be3 {[%emt 0:00:07]} Nd7 {[%emt 0:00:08]} 17. Rfe1 {[%emt 0:01:33]} b6 {[%emt 0:00:11]} 18. Qc3 {[%emt 0:01:09]} Rad8 {[%emt 0:00:29]} 19. Bd4 {[%emt 0:00:38]} f6 {[%emt 0:00:08]} 20. Re7 {[%emt 0:01:51]} Qd6 {[%emt 0:00:06]} 21. Re4 {[%emt 0:00:46]} Be6 {[%emt 0:01:22]} 22. Rae1 {[%emt 0:00:01]} Bf7 {[%emt 0:00:23]} 23. Nf5 {[%emt 0:00:26]} Qb4 {[%emt 0:00:08]} 24. Qa1 {[%emt 0:00:32]} Rfe8 {[%emt 0:00:18]} 25. Ne7+ {[%emt 0:00:04]} Rxe7 {[%emt 0:00:35]} 26. Rxe7 {[%emt 0:00:05]} Ne5 {[%emt 0:00:00]} 27. Rxc7 {[%emt 0:00:31]} Rxd4 {[%emt 0:00:19]} 28. Rc8+ {[%emt 0:00:17]} Be8 {[%emt 0:00:00]} 29. Rxe8+ {[%emt 0:00:35]} Kf7 {[%emt 0:00:05]} 30. Rc8 {[%emt 0:00:15]} Rxd3 {[%emt 0:00:30]} 31. Rc7+ {[%emt 0:00:01]} Kg6 {[%emt 0:00:10]} 32. h4 {[%emt 0:00:41]} Qd6 {[%emt 0:00:13]} 33. h5+ {[%emt 0:00:03]} Kh6 {[%emt 0:00:22]} 34. Qc1+ g5 35. hxg6+ Kxg6 {[%emt 0:00:06]} 36. Rc8 {[%emt 0:00:11]} Kg7 {[%emt 0:00:21]} 37. c5 {[%emt 0:00:17]} bxc5 {[%emt 0:00:31]} 38. Qxc5 {[%emt 0:00:03]} Qe6 {[%emt 0:00:05]} 39. Qf8+ {[%emt 0:00:04]} Kg6 {[%emt 0:00:08]} 40. Qg8+ {[%emt 0:00:03]} Qxg8 {[%emt 0:00:01]} 41. Rxg8+ {[%emt 0:00:02]} Kf7 {[%emt 0:00:00]} 42. Ra8 {[%emt 0:00:05]} Rd5 {[%emt 0:00:05]} 43. Rb1 {[%emt 0:00:01]} Nc4 {[%emt 0:00:17]} 44. Rb7+ {[%emt 0:00:05]} Kg6 {[%emt 0:00:00]} 45. Raa7 {[%emt 0:00:08]} h5 {[%emt 0:00:19]} 46. g3 {[%emt 0:00:07]} Rd1+ {[%emt 0:00:05]} 47. Kg2 {[%emt 0:00:00]} Ra1 {[%emt 0:00:03]} 48. Rg7+ {[%emt 0:00:11]} Kf5 {[%emt 0:00:05]} 49. Rh7 {[%emt 0:00:05]} Rxa4 {[%emt 0:00:07]} 50. Rxh5+ {[%emt 0:00:00]} Kg6 {[%emt 0:00:00]} 51. Rah7 {[%emt 0:00:00]} Ne5 {[%emt 0:00:14]} 52. R5h6+ {[%emt 0:00:15]} Kf5 {[%emt 0:00:05]} 53. Rh4 {[%emt 0:00:03]} Ra2 {[%emt 0:00:01]} 54. Rf4+ {[%emt 0:00:23]} Kg6 {[%emt 0:00:05]} 55. Rhh4 {[%emt 0:00:06]} Nd3 {[%emt 0:00:00]} 56. Rhg4+ {[%emt 0:00:00]} Kf7 {[%emt 0:00:09]} 57. Rf5 {[%emt 0:00:05]} Ke6 {[%emt 0:00:02]} 58. Rb5 {[%emt 0:00:06]} Nxf2 {[%emt 0:00:05]} 59. Rc4 {[%emt 0:00:05]} Ne4+ {[%emt 0:00:14]} 60. Kh3 {[%emt 0:00:03]} f5 {[%emt 0:00:05]} 61. Rc6+ {[%emt 0:00:05]} Kd7 {[%emt 0:00:05]} 62. Ra6 {[%emt 0:00:05]} Ra3 {[%emt 0:00:05]} 63. Raxa5 {[%emt 0:00:05]} Rxg3+ {[%emt 0:00:05]} 64. Kh2 {[%emt 0:00:05]} Rf3 {[%emt 0:00:05]} 65. Ra6 {[%emt 0:00:05]} Kc7 {[%emt 0:00:50]} 66. Rg6 {[%emt 0:00:07]} Rf2+ {[%emt 0:00:44]} 67. Kg1 {[%emt 0:00:01]} Rf3 {[%emt 0:00:05]} 68. Kg2 {[%emt 0:00:05]} Rf2+ {[%emt 0:00:05]} 69. Kh3 {[%emt 0:00:05]} Rf3+ {[%emt 0:00:05]} 70. Kg2 {[%emt 0:00:05]} Rf2+ {[%emt 0:00:05]} 71. Kg1 {[%emt 0:00:05]} Rf3 {[%emt 0:00:05]} 72. Ra5 {[%emt 0:00:05]} Rg3+ {[%emt 0:00:05]} 73. Rxg3 {[%emt 0:00:05]} Nxg3 {[%emt 0:00:05]} 74. Kg2 {[%emt 0:00:05]} Ne4 {[%emt 0:00:05]} 75. Rxf5 {[%emt 0:00:05]} Nd6 {[%emt 0:00:05]} 76. Rh5 {[%emt 0:00:05]} Kd7 {[%emt 0:00:05]} 77. Kf3 {[%emt 0:00:05]} Ke6 {[%emt 0:00:05]} 78. Kf4 {[%emt 0:00:05]} Nf7 {[%emt 0:00:05]} 79. Ra5 {[%emt 0:00:05]} Nd6 {[%emt 0:00:05]} 80. Ra6 {[%emt 0:00:05]} Kd5 {[%emt 0:00:00]} 1/2-1/2

[Event "Redbull chessmasters 2019"]
[Site "Istambul"]
[Date "2019.11.24"]
[Round "5.14"]
[White "Alak, Agdar"]
[Black "Burcu, Cagatay"]
[Result "0-1"]
[WhiteElo "1482"]
[BlackElo "2331"]
[Annotator "NA"]
[PlyCount "70"]
[EventDate "2019.11.23"]
[EventType "k.o."]
[EventCountry "TUR"]
[SourceTitle "playchess.com"]
[Source "ChessBase"]
[SourceQuality "1"]
[TimeControl "600+5"]

1. Nf3 {[%emt 0:00:00]} d5 {[%emt 0:00:00]} 2. d4 {[%emt 0:00:05]} Nf6 {[%emt 0:00:05]} 3. c4 {[%emt 0:00:05]} c6 {[%emt 0:00:05]} 4. Nc3 {[%emt 0:00:00]} e6 {[%emt 0:00:00]} 5. Bg5 {[%emt 0:00:00]} Nbd7 {[%emt 0:00:00]} 6. e3 {[%emt 0:00:00]} Qa5 {[%emt 0:00:02]} 7. Bxf6 {[%emt 0:00:10]} Nxf6 {[%emt 0:00:03]} 8. Qa4 {[%emt 0:00:23]} Qxa4 {[%emt 0:00:10]} 9. Nxa4 {[%emt 0:00:05]} dxc4 {[%emt 0:00:05]} 10. Nc3 {[%emt 0:00:01]} b5 {[%emt 0:00:09]} 11. a4 {[%emt 0:00:08]} Bb4 {[%emt 0:00:12]} 12. Nd2 {[%emt 0:00:19]} Bxc3 {[%emt 0:00:27]} 13. bxc3 {[%emt 0:00:02]} Ke7 {[%emt 0:00:12]} 14. g3 {[%emt 0:00:08]} a5 {[%emt 0:00:27]} 15. Bg2 {[%emt 0:00:10]} Ra6 {[%emt 0:00:02]} 16. Ke2 {[%emt 0:00:30]} Bd7 {[%emt 0:00:06]} 17. Ne4 {[%emt 0:00:12]} Nxe4 {[%emt 0:00:17]} 18. Bxe4 {[%emt 0:00:01]} b4 {[%emt 0:00:34]} 19. cxb4 {[%emt 0:00:05]} axb4 {[%emt 0:00:00]} 20. Rhc1 {[%emt 0:00:13]} c3 {[%emt 0:00:05]} 21. Bc2 {[%emt 0:00:00]} Ra5 {[%emt 0:00:20]} 22. Bb3 {[%emt 0:00:03]} Rha8 {[%emt 0:00:04]} 23. Ra2 {[%emt 0:00:04]} e5 {[%emt 0:00:16]} 24. Rb1 {[%emt 0:00:36]} Bf5 {[%emt 0:00:05]} 25. Rc1 {[%emt 0:00:37]} Be6 {[%emt 0:00:25]} 26. Bxe6 {[%emt 0:00:30]} Kxe6 {[%emt 0:00:02]} 27. Rb1 {[%emt 0:01:17]} Rxa4 {[%emt 0:00:08]} 28. Rxa4 {[%emt 0:00:04]} Rxa4 {[%emt 0:00:05]} 29. dxe5 {[%emt 0:00:03]} Kd5 {[%emt 0:00:36]} 30. Kd3 {[%emt 0:00:08]} Kc5 {[%emt 0:00:06]} 31. f3 {[%emt 0:00:58]} Ra2 {[%emt 0:00:03]} 32. Rc1 {[%emt 0:01:17]} Rd2+ {[%emt 0:00:05]} 33. Ke4 {[%emt 0:00:03]} c2 {[%emt 0:00:03]} 34. f4 {[%emt 0:01:14]} b3 {[%emt 0:00:02]} 35. e6 {[%emt 0:00:09]} fxe6 {[%emt 0:00:03]} 0-1